| 000 | 01179nam a22002657a 4500 | ||
|---|---|---|---|
| 001 | 6244 | ||
| 003 | FISKH | ||
| 005 | 20250815121314.0 | ||
| 008 | 250404b cb ||||| |||| 00| 0 eng d | ||
| 020 | _a9789814281324 | ||
| 040 |
_aFISKH _beng _cFISKH _dFISKH |
||
| 050 | _aPZ7 | ||
| 082 | _a398.20942 | ||
| 100 | _aGiles, Jenny | ||
| 245 |
_aRobin Hood and the silver trophy / _cRetold by Jenny Giles ; Illustrated by John Fairbridge |
||
| 260 |
_aMilburn : _bNelson Price, _c2000. |
||
| 300 |
_a32 pages : _bcolor illustrations ; _c 21 cm |
||
| 505 | _aM | ||
| 520 | _aThe Robin Hood legend is part fact and part fiction. A yeoman turned outlaw, Robin Hood lived in Barnsdale Forest (adjoining Sherwood) early in the 14th century. His exploits were described in popular ballads of which a few have survived. Confusion was caused by later writers. By 1600, the Robin Hood of the ballads had been fused in new stories with an earlier outlaw of noble birth. Set in Nottingham England about 1320. | ||
| 521 | 8 |
_a530
_bLexile level adjusted |
|
| 521 | 8 |
_aM
_bRaz-Plus |
|
| 650 |
_a Fables and Tales _vFairy tales |
||
| 942 |
_2ddc _cBK _n0 |
||
| 999 |
_c6244 _d6244 |
||